La Compra de Luisiana con un Mapa - Estadísticas

Estadísticas generales
  • Esta prueba ha sido intentada 883 veces
  • La puntuación promedio es 14 de 17
Respuestas en el mapa
Las respuestas están codificadas por una escala verde-roja en el mapa de la prueba según el % correcto abajo.
 
Estadísticas de respuestas
Respuesta % Correcto
Texas
96%
Luisiana
92%
Nuevo México
91%
Dakota del Norte
90%
Colorado
89%
Dakota del Sur
89%
Arkansas
88%
Kansas
87%
Montana
86%
Misuri
82%
Nebraska
82%
Oklahoma
82%
Wyoming
82%
Iowa
80%
Minnesota
72%
Alberta
62%
Saskatchewan
40%
No se encontraron pruebas coincidentes
Distribución de puntuación
Porcentaje de gente con cada puntuación
Porcentaje por número respondido
Historial de tus puntuaciones
No has intentado esta prueba.